Czy znasz narodowość tego piłkarza? Level: Hard - Statystyki

Ogólne statystyki
  • Ten quiz został rozwiązany 91 razy
  • Średni wynik to 9 z 20
Statystyki odpowiedzi
Zawodnik Klub Narodowość % Poprawnych
Khvicha Kvaratskhelia SSC Napoli Gruzin / Gruzja
78%
Yves Bissouma Tottenham Hotspur Malijczyk / Mali
70%
Naby Keïta FC Liverpool Gwinejczyk / Gwinea
69%
Geoffrey Kondogbia Atlético de Madryt Republika Środkowoafrykańska
69%
Victor Wanyama CF Montréal Kenijczyk / Kenia
61%
Patson Daka Leicester City Zambijczyk / Zambia
58%
Edmond Tapsoba Bayer 04 Leverkusen Burkińczyk / Burkina Faso
54%
Salomón Rondón FC Everton Wenezuelczyk / Wenezuela
50%
Eldor Shomurodov AS Roma Uzbek / Uzbekistan
48%
Silas VfB Stuttgart Kongijczyk / Demokratyczna Republika Kongo
46%
Reinildo Mandava Atlético de Madryt Mozambijczyk / Mozambik
43%
Musa Barrow FC Bologna Gambijczyk / Gambia
41%
Ihlas Bebou TSG 1899 Hoffenheim Togijczyk / Togo
38%
Tino Kadewere Olympique Lyon Zimbabwejczyk / Zimbabwe
31%
Choco Lozano Cádiz CF Honduranin / Honduras
26%
Stuart Dallas Leeds United Irlandczyk / Irlandia Północna
25%
Jovane Cabral Sporting CP Kabowerdeńczyk / Wyspy Zielonego Przylądka
21%
Gerrit Holtmann VfL Bochum Filipińczyk / Filipiny
16%
Dimitri Foulquier Valencia CF Gwadelupczyk / Gwadelupa
8%
Grégoire Defrel US Sassuolo Martynikańczyk / Martynika
5%
Nie znaleziono quizów pasujących do podanych kryteriów
Rozkład punktacji
Procent ludzi z każdym wynikiem
Percentyl według liczby udzielonych odpowiedzi
Twoja historia wyników
Nie rozwiązałeś tego quizu